Every American War - Part 1 - Statistics

General Stats
  • This quiz has been taken 8 times
  • The average score is 3 of 10
Answer Stats
Summary Span Answer % Correct
American Patriot forces organized as the Continental Army and commanded by George Washington defeated the British Army. (1775–1783) American Revolutionary War
100%
A conflict initiated by the United States against the United Kingdom and its allies fought mainly in North America and at sea (1812–1815) War of 1812
88%
A war between two Haitian revolutionaries that the US became involved in. (1799– 1800) War of the South
38%
This north African country declared war on the United States after realizing that American merchant shipping was no longer under the protection of the Royal Navy. (1785–1795) American-Algerian War
25%
A series of raids, campaigns, ambushes, minor skirmishes, and several full-scale frontier battles in the Old Southwest between settlers and natives. (1776–1795) Cherokee-American Wars
13%
United States president Thomas Jefferson refused to pay tribute in exchange for a cessation of commerce raiding at sea. (1801–1805) First Barbary War
13%
An armed conflict for control of the Northwest Territory between the United States and the Northwestern Confederacy. (1785–1793) Northwest Indian War
13%
The US attempted in 1812 to foment a rebellion in Spanish East Florida with the intent of annexing the province to the United States. (1812–1814) Patriot War
13%
Fought almost entirely at sea, primarily in the Caribbean and off the East Coast of the US. Started by three agents known as the XYZ spies. (1798–1800) Quasi-War
13%
This war between the US and a Native Confederacy climaxed with William Henry Harrison's victory at the Battle of Tippecanoe in 1811. (1810–1813) Tecumseh's War
13%
No matching quizzes found
Score Distribution
Percent of People with Each Score
Percentile by Number Answered
Your Score History
You have not taken this quiz